| 000 | 02727nam a2200589 a 4500 | ||
|---|---|---|---|
| 005 | 20240515121639.0 | ||
| 008 | 101001s2009||||sp a f |||| 001 0 spa d | ||
| 020 | _a9788471016041 | ||
| 041 | _aspa | ||
| 092 |
_c616.0757 _l66 _sPED |
||
| 100 | 1 |
_aPedrosa, César _91803 _qSánchez Alvarez-Pedrosa, César |
|
| 245 |
_aDiagnóstico por imagen. _bT.1 Tórax / _cCésar Pedrosa |
||
| 250 | _a3a ed. | ||
| 260 |
_aMadrid: _bMarbán; _c2009. |
||
| 300 |
_a858 p. _bil. |
||
| 500 | _aPedrosa, C. (2009). Diagnóstico por imagen. T.1 Toráx. (3a ed.). Madrid : Marbán. | ||
| 653 | _aDiagnóstico por imagen. Evolución histórica | ||
| 653 | _aImagen: conceptos básicos | ||
| 653 | _aDigitalización de imágenes radiológicas | ||
| 653 | _aRayos X. Los medios de contraste | ||
| 653 | _aTomografia computarizada | ||
| 653 | _aResonancia magnética | ||
| 653 | _aMedicina nuclear | ||
| 653 | _aUltrasonidos | ||
| 653 | _aRadiología vascular e intervencionista | ||
| 653 | _aProtección radiológica y garantía de calidad en radiodiagnóstico | ||
| 653 | _aTórax: técnicas e indicaciones en radiodiagnóstico | ||
| 653 | _aMedicina nuclear: aparato respiratorio y corazón | ||
| 653 | _aAnatomía radiológica del tórax | ||
| 653 | _aSemiología torácica: lesiones del espacio aéreo, lesión alveolar. Atelectasia. Hemitórax opaco | ||
| 653 | _aSemiología torásica: nódulo y masa pulmonar. Lesión cavitaria y quística. Calcificación pulmonar. Lesión hiliar | ||
| 653 | _aLesión intersticial difusa | ||
| 653 | _aSemiología: cavidad pleural. Pared torácica. Diafragma. Plexo braquial | ||
| 653 | _aMediastino | ||
| 653 | _aTórax. Grandes síndromes y signos: dolor torácico, hemoptisis, tos, broncorrea | ||
| 653 | _aGrandes síndromes y signos: insuficiencia respiratoria. Hiperclaridad pulmonar. EPOC. Tromboembolismo pulmonar | ||
| 653 | _aGrandes síndromes: neumonía, aspiración | ||
| 653 | _aNeoplasias del pulmón y vías respiratorias | ||
| 653 | _aLesiones inmunológicas del pulmón | ||
| 653 | _aTraumatismos torácicos | ||
| 653 | _aTórax en la UCI | ||
| 653 | _aTórax en neonatología | ||
| 653 | _aCorazón: anatomía y técnicas de imagen | ||
| 653 | _aSemiología general de las cardiopatías. Insuficiencia cardíaca. Distrés respiratorio del adulto | ||
| 653 | _aCardiopatías adquiridas | ||
| 653 | _aCardiopatías congénitas | ||
| 653 | _aPericardio | ||
| 653 | _aSistema vascular: arterias, venas y linfáticos | ||
| 653 | _aSistema vascular. Grandes síndromes: hipertesión renovascular. Isquemia arterial crónica periférica. Hemorragia gastrointestinal. Hipertensión portal | ||
| 930 | _a2600 | ||
| 942 |
_2ddc _cBK |
||
| 999 |
_c1096 _d1096 |
||